[Event "BCF-ch Seniors 65"]
[Site "Hull"]
[Date "2024.07.29"]
[Round "1"]
[White "Norman, Kenneth I"]
[Black "Moyse, Nigel John"]
[Result "1/2-1/2"]
[WhiteElo "2108"]
[BlackElo "1930"]
[PlyCount "60"]
[EventDate "2024.07.29"]
[EventType "swiss"]
[EventRounds "7"]
[EventCountry "ENG"]
[SourceTitle "CBM 221 Extra"]
[Source "ChessBase"]
[SourceDate "2024.09.30"]
[SourceVersion "1"]
[SourceVersionDate "2024.09.30"]
[SourceQuality "1"]

1. Nf3 d5 2. g3 Nf6 3. Bg2 c6 4. 0-0 Bf5 5. b3 e6 6. Bb2 Nbd7 7. d3 h6 8. Nbd2 Bh7 9. c4 Be7 10. Qc2 Rc8 11. a3 a5 12. Rac1 0-0 13. Qb1 Qb6 14. Qa1 Rfd8 15. Bc3 Qa6 16. b4 a4 17. c5 Ne8 18. Ne1 Bf6 19. f4 b6 20. Nef3 Bxc3 21. Qxc3 bxc5 22. bxc5 Rb8 23. Nd4 Nc7 24. N2f3 Nb5 25. Qa1 Rb7 26. Bh3 Nxd4 27. Nxd4 Rdb8 28. Qc3 Re8 29. Rb1 Reb8 30. Rbc1 Re8 1/2-1/2

[Event "ENG-ch Seniors 65"]
[Site "Kenilworth"]
[Date "2024.05.25"]
[Round "2"]
[White "Bellers, Chris J"]
[Black "Norman, Kenneth I"]
[Result "1/2-1/2"]
[WhiteElo "1926"]
[BlackElo "2116"]
[PlyCount "39"]
[EventDate "2024.05.24"]
[EventType "swiss"]
[EventRounds "7"]
[EventCountry "ENG"]
[SourceTitle "CBM 220 Extra"]
[Source "ChessBase"]
[SourceDate "2024.07.31"]
[SourceVersion "1"]
[SourceVersionDate "2024.07.31"]
[SourceQuality "1"]

1. c4 c5 2. Nc3 Nf6 3. g3 d5 4. cxd5 Nxd5 5. Bg2 Nc7 6. d3 e5 7. Be3 Be7 8. Rc1 Ne6 9. Nd5 Bd6 10. Nf3 0-0 11. 0-0 Nc6 12. Nd2 Rb8 13. Ne4 Ncd4 14. Nxd6 Qxd6 15. f4 exf4 16. Nxf4 b6 17. Nxe6 Nxe6 18. Qa4 Bb7 19. Bxb7 Rxb7 20. Bf4 1/2-1/2

[Event "ENG-ch Seniors 65"]
[Site "Kenilworth"]
[Date "2024.05.24"]
[Round "1"]
[White "Norman, Kenneth I"]
[Black "Erdogan, Hassan"]
[Result "1/2-1/2"]
[WhiteElo "2116"]
[BlackElo "1877"]
[PlyCount "91"]
[EventDate "2024.05.24"]
[EventType "swiss"]
[EventRounds "7"]
[EventCountry "ENG"]
[SourceTitle "CBM 220 Extra"]
[Source "ChessBase"]
[SourceDate "2024.07.31"]
[SourceVersion "1"]
[SourceVersionDate "2024.07.31"]
[SourceQuality "1"]

1. Nf3 d6 2. d4 Nd7 3. c4 e5 4. e4 Ngf6 5. Nc3 a5 6. Be2 c6 7. 0-0 Be7 8. Re1 0-0 9. Bf1 Qc7 10. b3 Re8 11. d5 Nf8 12. Bb2 Ng6 13. g3 Bd7 14. Rc1 c5 15. a4 b6 16. Bg2 Rad8 17. h3 Qc8 18. Kh2 h6 19. Rc2 Nh7 20. Bc1 f5 21. exf5 Bxf5 22. Rce2 Rf8 23. Ne4 Rf7 24. Nfd2 Rdf8 25. f3 Ng5 26. Nxg5 Bxg5 27. Ne4 Bxe4 28. fxe4 Bxc1 29. Qxc1 Rf2 30. Qd2 Rxe2 31. Qxe2 Rf6 32. Rf1 Qf8 33. Rxf6 Qxf6 34. Qg4 Nf8 35. Qc8 Qe7 36. Qc6 Qd8 37. h4 Ng6 38. Bh3 Ne7 39. Qb7 g6 40. Qa7 g5 41. hxg5 hxg5 42. Qb7 Kg7 43. Kg2 Kf6 44. Bg4 Kg6 45. Qa7 Kh6 46. Qb7 1/2-1/2

[Event "GBR-ch 65+ 106th"]
[Site "Torquay"]
[Date "2019.08.01"]
[Round "4.2"]
[White "Myall, Ivan J"]
[Black "Norman, Kenneth I"]
[Result "0-1"]
[WhiteElo "1993"]
[BlackElo "2121"]
[PlyCount "84"]
[EventDate "2019.07.29"]
[EventType "swiss"]
[EventRounds "7"]
[EventCountry "ENG"]
[SourceTitle "EXT 2021"]
[Source "ChessBase"]
[SourceDate "2020.10.23"]
[SourceVersion "1"]
[SourceVersionDate "2020.10.23"]
[SourceQuality "1"]

1. e4 e5 2. Bc4 Nf6 3. Nc3 Nc6 4. d3 Bc5 5. f4 d6 6. Nf3 Bg4 7. h3 Bxf3 8. Qxf3 Nd4 9. Qg3 Nh5 10. Qg4 g6 11. fxe5 dxe5 12. Bg5 f6 13. Bh6 Qd7 14. 0-0-0 0-0-0 15. Rhf1 c6 16. Qxd7+ Kxd7 17. g4 Nf4 18. Bg7 Ke7 19. Bxh8 Rxh8 20. h4 h5 21. gxh5 Rxh5 22. Rh1 Nf3 23. Rdf1 Nxh4 24. Kd1 g5 25. Ne2 Nxe2 26. Kxe2 g4 27. Rfg1 Bxg1 28. Rxg1 Rg5 29. Kf2 Ng6 30. d4 exd4 31. Kg3 Ne5 32. Be2 Rh5 33. Rg2 Ke6 34. b3 c5 35. Rf2 Rh3+ 36. Kg2 Re3 37. Bf1 Rxe4 38. Kg3 Re3+ 39. Kg2 f5 40. Rf4 Ng6 41. Rf2 Ke5 42. Rd2 f4 0-1

[Event "GBR-ch 65+ 106th"]
[Site "Torquay"]
[Date "2019.07.29"]
[Round "1"]
[White "Smith, David"]
[Black "Norman, Kenneth I"]
[Result "0-1"]
[WhiteElo "1878"]
[BlackElo "2121"]
[PlyCount "83"]
[EventDate "2019.07.29"]
[EventType "swiss"]
[EventRounds "7"]
[EventCountry "ENG"]
[SourceTitle "EXT 2020"]
[Source "ChessBase"]
[SourceDate "2019.10.17"]
[SourceVersion "1"]
[SourceVersionDate "2019.10.17"]
[SourceQuality "1"]

1. e4 e5 2. Nf3 Nc6 3. Bb5 a6 4. Ba4 Nf6 5. 0-0 b5 6. Bb3 Be7 7. d4 d6 8. h3 Nxd4 9. Nxd4 exd4 10. c3 dxc3 11. Nxc3 Bb7 12. Qe2 0-0 13. Rd1 Qc8 14. Bf4 Re8 15. Rac1 Bf8 16. f3 h6 17. Nd5 Nxd5 18. Bxd5 Bxd5 19. Rxd5 c6 20. Rdd1 d5 21. Rxd5 cxd5 22. Rxc8 Raxc8 23. Kh2 dxe4 24. fxe4 Rc4 25. Qd3 Rcxe4 26. Bd6 Bxd6+ 27. Qxd6 R8e6 28. Qd8+ Kh7 29. Qd3 g6 30. Qd7 Kg7 31. Qd3 h5 32. Qc3+ Kh7 33. Qc7 Rf6 34. Qc5 Re2 35. Qa3 Rff2 36. Qxa6 Rxg2+ 37. Kh1 Rh2+ 38. Kg1 Reg2+ 39. Kf1 Rxb2 40. Kg1 Rbg2+ 41. Kf1 Rxa2 42. Kg1 0-1

[Event "Bodensee Seniors op 5th"]
[Site "Bregenz"]
[Date "2019.05.28"]
[Round "3"]
[White "Heinritz, Dietmar"]
[Black "Norman, Kenneth I"]
[Result "0-1"]
[WhiteElo "1890"]
[BlackElo "2114"]
[PlyCount "50"]
[EventDate "2019.05.26"]
[EventType "swiss"]
[EventRounds "7"]
[EventCountry "AUT"]
[SourceTitle "CBM 190 Extra"]
[Source "ChessBase"]
[SourceDate "2019.07.15"]
[SourceVersion "1"]
[SourceVersionDate "2019.07.15"]
[SourceQuality "1"]

1. d4 Nf6 2. c4 g6 3. Nc3 d5 4. cxd5 Nxd5 5. e4 Nxc3 6. bxc3 Bg7 7. Rb1 c5 8. Nf3 0-0 9. Be2 b6 10. 0-0 Bb7 11. e5 cxd4 12. cxd4 Bd5 13. Qc2 Nc6 14. Be3 Rc8 15. Qa4 f6 16. Rfd1 Qd7 17. Rb3 Kh8 18. h3 e6 19. Qa3 fxe5 20. dxe5 Nxe5 21. Nxe5 Bxe5 22. Rb4 Qf7 23. Ra4 Rc3 24. Qb4 Rxe3 25. fxe3 Qf2+ 0-1

[Event "Wch Seniors 65 28th"]
[Site "Bled"]
[Date "2018.11.27"]
[Round "9"]
[White "Rovira Mas, Jorge"]
[Black "Norman, Kenneth I"]
[Result "1-0"]
[WhiteElo "2290"]
[BlackElo "2099"]
[PlyCount "83"]
[EventDate "2018.11.18"]
[EventType "swiss"]
[EventRounds "11"]
[EventCountry "SLO"]
[SourceTitle "CBM 187 Extra"]
[Source "ChessBase"]
[SourceDate "2018.11.04"]
[SourceVersion "1"]
[SourceVersionDate "2018.11.04"]
[SourceQuality "1"]

1. Nf3 Nf6 2. b3 g6 3. Bb2 Bg7 4. c4 d6 5. g3 0-0 6. Bg2 e5 7. d3 Nc6 8. Nc3 h6 9. 0-0 Be6 10. d4 Bf5 11. d5 Ne7 12. Nd2 Nh7 13. e4 Bd7 14. Qe2 f5 15. exf5 gxf5 16. Nd1 Ng6 17. Rc1 b6 18. b4 a5 19. a3 axb4 20. axb4 Qe7 21. c5 bxc5 22. bxc5 Rfb8 23. c6 Be8 24. Re1 Bf7 25. Nc4 Nf6 26. Nc3 Qd8 27. Red1 Ne7 28. Rd2 Kh8 29. h3 Qg8 30. Rcd1 Rb4 31. Kh2 Bh5 32. f3 Bf7 33. Ne3 Ra5 34. Ra1 Rxa1 35. Bxa1 Rb8 36. f4 exf4 37. gxf4 Rb4 38. Nc2 Rxf4 39. Qxe7 Ng4+ 40. hxg4 Be5 41. Kg1 fxg4 42. Nd1 1-0

[Event "BCF-chT4S 1718 (4NCL)"]
[Site "England"]
[Date "2018.05.07"]
[Round "11.41"]
[White "Norman, Kenneth I"]
[Black "De Coverly, Roger D"]
[Result "1/2-1/2"]
[WhiteElo "2120"]
[BlackElo "1917"]
[PlyCount "106"]
[EventDate "2017.11.11"]
[EventType "team-swiss"]
[EventRounds "11"]
[EventCountry "ENG"]
[SourceTitle "EXT 2020"]
[Source "ChessBase"]
[SourceDate "2019.10.17"]
[SourceVersion "1"]
[SourceVersionDate "2019.10.17"]
[SourceQuality "1"]
[WhiteTeam "Iceni"]
[BlackTeam "Wessex II"]
[WhiteTeamCountry "ENG"]
[BlackTeamCountry "ENG"]

1. Nf3 b6 2. g3 Bb7 3. Bg2 c5 4. 0-0 Nf6 5. c4 e6 6. Nc3 Be7 7. d4 cxd4 8. Qxd4 0-0 9. Rd1 a6 10. Bf4 Bc5 11. Qd2 b5 12. Bd6 Bxd6 13. Qxd6 bxc4 14. Ne5 Bxg2 15. Kxg2 Qc8 16. e4 Qb7 17. Qd4 Nc6 18. Nxc6 Qxc6 19. Kg1 Rad8 20. e5 Ne8 21. Ne4 f6 22. f4 f5 23. Nd2 d5 24. Nxc4 Rb8 25. Ne3 Qb6 26. Qxb6 Rxb6 27. b3 h6 28. Rac1 g5 29. Kf2 Kg7 30. Rc5 Rf7 31. Nc2 Rc7 32. Rxc7+ Nxc7 33. Nd4 gxf4 34. gxf4 Kf7 35. Ke3 Nb5 36. Nxb5 Rxb5 37. Rc1 a5 38. Rc7+ Ke8 39. Rh7 a4 40. bxa4 Ra5 41. Rxh6 Ke7 42. Rh7+ Ke8 43. Rb7 Rxa4 44. Rb2 Ra3+ 45. Kf2 Kf7 46. Rb7+ Kg6 47. Rb6 Kh5 48. Rxe6 Kg4 49. Rd6 Kxf4 50. Rxd5 Rxa2+ 51. Kg1 Ra1+ 52. Kf2 Ra2+ 53. Kg1 Ra1+ 1/2-1/2

[Event "Bodensee Seniors op 2nd"]
[Site "Bregenz"]
[Date "2016.05.03"]
[Round "4"]
[White "Norman, Kenneth I"]
[Black "Dobosz, Henryk"]
[Result "0-1"]
[WhiteElo "2095"]
[BlackElo "2394"]
[PlyCount "56"]
[EventDate "2016.04.30"]
[EventType "swiss"]
[EventRounds "9"]
[EventCountry "AUT"]
[SourceTitle "CBM 172 Extra"]
[Source "ChessBase"]
[SourceDate "2016.06.21"]
[SourceVersion "1"]
[SourceVersionDate "2016.06.21"]
[SourceQuality "1"]

1. Nf3 d6 2. d4 g6 3. c4 Bg7 4. Nc3 Nc6 5. e3 e5 6. d5 Nce7 7. e4 Nf6 8. Be2 0-0 9. 0-0 Ne8 10. b4 f5 11. Nd2 Nf6 12. f3 Bh6 13. Nb3 Bxc1 14. Rxc1 f4 15. c5 g5 16. Nb5 Ne8 17. Nd2 Ng6 18. Qc2 Rf7 19. Nc4 h5 20. Qd1 Rg7 21. h3 a6 22. Nc3 Nf6 23. Rf2 g4 24. fxg4 hxg4 25. hxg4 Nh4 26. Bf3 Nxg4 27. Rb2 Nxf3+ 28. Qxf3 Qh4 0-1